Data Mining and Bioinformatics : First International Workshop, VDMB 2006, Seoul, Korea, September 11, 2006, Revised Selected Papers /

Guardat en:
Dades bibliogràfiques
Autor principal: Mehmet M. Dalkilic, Sun Kim, Jiong Yang (edición)
Format: Llibre
Idioma:anglès
Publicat: Berlín, Alemania : Springer, 2006, c2006
Col·lecció:(Lecture Notes in Computer Science)
Accés en línia:Ver documento en línea
Etiquetes: Afegir etiqueta
Sense etiquetes, Sigues el primer a etiquetar aquest registre!

MARC

LEADER 00000nam^a22000000a04500
001 000605560
009 20260413075427.234
020 |a 978-3-540-68971-3 
022 |a 1611-3349 
037 |a Acervo ITESO - Biblioteca 
041 |a ING 
082 |a Libro en línea 
100 |a Mehmet M. Dalkilic, Sun Kim, Jiong Yang  |e (edición) 
245 |a Data Mining and Bioinformatics :  |b First International Workshop, VDMB 2006, Seoul, Korea, September 11, 2006, Revised Selected Papers / 
264 4 |a Berlín, Alemania :  |b Springer,  |c 2006, c2006 
264 2 |a Cham, Suiza :  |b Springer Link [distribución],  |c 2025 
300 |a 1 libro electrónico en línea (VIII, 198 p.) 
300 |a 1 recurso en línea 
336 |a datos para computadora  |b cod  |2 rdacontenido 
337 |a computadora  |b c  |2 rdamedio 
338 |a recurso en línea  |b cr  |2 rdasoporte 
440 |a (Lecture Notes in Computer Science) 
506 0 |a Licencias ilimitadas 
567 |a Catalogación rápida 
649 |a XX 
856 4 0 |u https://link-springer-com.ezproxy.iteso.mx/10.1007/11960669  |y Ver documento en línea 
910 |a Fondo General 
920 |a Electrónicos - Libros en Línea 
930 |a Plataforma Digital 
905 |a 205 
902 |a https://opac.biblio.iteso.mx/vufind/Record/000605560